00421nam a22001577a 4500003000500000005001700005008004100022020001800063038001700081082001700098100002400115245006100139250001200200260003500212300001600247NUST20180606062822.0180606b ||||| |||| 00| 0 eng d a9788131525579 aSNS Library  a543 SKO 2015 aHoller Skoog Crouch aPrinciples of Instrumental AnalysiscHoller Skoog Crouch a6th Ed. aIndiabCengage Learning c2015 a1029 PbPb.